00298nam a2200109 a 450000500170000000800410001705000180005810000200007624500330009626000370012944000220016620140414131905.0100927s19uu xx 00 eng d aFICbSa8 1989 aSaunders, Susan aLauren's sleepover exchange. aNew York :bScholastic ,c1989. aSleepover friends